| 000 | 01631nam a2200397 c 4500 | ||
|---|---|---|---|
| 003 | BLK | ||
| 005 | 20250423100544.0 | ||
| 008 | 180411b bul|||||r ||||||| ||bul|| | ||
| 010 | _aKNG00198466000 | ||
| 020 |
_a978-619-165-058-3 _bиздат.: Ергон - на том(кн. 1) |
||
| 040 | _aBLK | ||
| 041 |
_aBUL _cBUL |
||
| 072 | 7 |
_2bullib _aН8301 _xТрилъри Н |
|
| 080 |
_aШведска литература _b821.113.6 _x-312.4 _z821.113.6-312.4 |
||
| 100 | 1 |
_aКалентофт, Монс _eпърви автор _975194 |
|
| 700 | 1 |
_aЛутеман, Маркус _eсъавт. _989978 |
|
| 700 | 1 |
_aРайкова, Диана Христова _eпрев. от швед. _9368973 |
|
| 139 |
_aКалентофт, Монс и др. _bК 16 |
||
| 245 | 1 | 0 |
_aЗак _bРоман : Кн. 1 - _cМонс Калентофт; съавт. Маркус Лутеман; прев. от швед. Диана Христова Райкова. _nКн. 1 |
| 257 | _aSWI | ||
| 260 |
_аСофия _c2016 - _fСофия : Инвестпрес |
||
| 300 | _c20 см | ||
| 380 | _aX | ||
| 490 | 1 | _aБиблиотека Трилъри | |
| 500 | _aОриг. загл. Zack / Mons Kallentoft Marcus Lutteman. | ||
| 653 | _aтрилъри | ||
| 653 | _aромани | ||
| 659 | _aН | ||
| 760 | 1 |
_3- на том(кн. 1) _aКалентофт, Монс _dЕргон, 2016 _h384 с. _tКн. 1 |
|
| 852 | _aЦб 283652 | ||
| 856 | 4 |
_qpdf _u |
|
| 856 | 4 |
_qpdf _u |
|
| 942 |
_cKNG _n0 _019 |
||
| 944 |
_aCR _c17.12.2016 _lМартин Енчев _k30575 |
||
| 944 |
_aED _c05.01.2017 _lф / _kЛюдмила_Стоянова |
||
| 999 |
_c189423 _d189423 |
||